UM Logo

C++ programming : (Record no. 22540)

MARC details
000 -LEADER
fixed length control field 00709nam a22001937a 4500
005 - DATE AND TIME OF LATEST TRANSACTION
control field 20241016144903.0
008 - FIXED-LENGTH DATA ELEMENTS--GENERAL INFORMATION
fixed length control field 241015b |||||||| |||| 00| 0 eng d
020 ## - INTERNATIONAL STANDARD BOOK NUMBER
International Standard Book Number 9781260547726
082 ## - DEWEY DECIMAL CLASSIFICATION NUMBER
Classification number DC 005.133 F769 2020
100 ## - MAIN ENTRY--PERSONAL NAME
Personal name Forouzan, Behrouz A.
9 (RLIN) 62893
245 ## - TITLE STATEMENT
Title C++ programming :
Remainder of title an object-oriented approach /
Statement of responsibility, etc. Behrouz A. Forouzan and Richard F. Gilberg.
260 ## - PUBLICATION, DISTRIBUTION, ETC. (IMPRINT)
Place of publication, distribution, etc. New York :
Name of publisher, distributor, etc. McGraw Hill, LLC.,
Date of publication, distribution, etc. ©2020.
300 ## - PHYSICAL DESCRIPTION
Extent xvii, 940 pages :
Other physical details color illustrations ;
Dimensions 25 cm.
500 ## - GENERAL NOTE
General note Includes index.
650 #0 - SUBJECT ADDED ENTRY--TOPICAL TERM
Topical term or geographic name as entry element Object-oriented programming (Computer science).
9 (RLIN) 63059
650 #0 - SUBJECT ADDED ENTRY--TOPICAL TERM
Topical term or geographic name as entry element C++ (Computer language).
9 (RLIN) 63060
700 ## - ADDED ENTRY--PERSONAL NAME
Personal name Gilberg, Richard F.
9 (RLIN) 62894
Relator term author.
942 ## - ADDED ENTRY ELEMENTS (KOHA)
Source of classification or shelving scheme Dewey Decimal Classification
Koha item type Circulation
Holdings
Withdrawn status Lost status Source of classification or shelving scheme Damaged status Not for loan Collection code Home library Current library Shelving location Date acquired Source of acquisition Cost, normal purchase price Total Checkouts Full call number Barcode Date last seen Date last checked out Price effective from Koha item type
    Dewey Decimal Classification     Circulation UM Digos College - LIC UM Digos College - LIC Book Cart 08/20/2024 Purchased 5893.00 1 DC 005.133 F769 2020 28336 03/27/2026 03/21/2026 10/15/2024 Circulation